Managing concentrated stock wealth : an advisor's guide to building customized solutions /

Bibliographic Details
Main Authors: Kochis, Tim, (Author), Lewis, Michael J., (Author)
Format: eBook
Language:English
Published: [New York] : Bloomberg Press, [2016]
Edition:Second edition.
Series:Bloomberg financial series.
Subjects:
Online Access:Click to View
LEADER 01742nam a2200469 i 4500
001 EBC4548098
003 MiAaPQ
005 20200520144314.0
006 m o d |
007 cr cnu||||||||
008 170607t20162016nyua o 001 0 eng|d
020 |z 9781119131588 
020 |a 9781119133865  |q (electronic bk.) 
035 |a (MiAaPQ)EBC4548098 
035 |a (Au-PeEL)EBL4548098 
035 |a (CaPaEBR)ebr11387679 
035 |a (OCoLC)988175221 
040 |a MiAaPQ  |b eng  |e rda  |e pn  |c MiAaPQ  |d MiAaPQ 
050 4 |a HG4529.5  |b .K63 2016 
082 0 |a 332.6322  |2 23 
100 1 |a Kochis, Tim,  |e author. 
245 1 0 |a Managing concentrated stock wealth :  |b an advisor's guide to building customized solutions /  |c Tim Kochis with Michael J. Lewis. 
250 |a Second edition. 
264 1 |a [New York] :  |b Bloomberg Press,  |c [2016] 
264 4 |c 2016 
300 |a 1 online resource (232 pages) :  |b illustrations. 
336 |a text  |2 rdacontent 
337 |a computer  |2 rdamedia 
338 |a online resource  |2 rdacarrier 
490 1 |a Bloomberg financial series 
500 |a Includes index. 
588 |a Description based on online resource; title from PDF title page (ebrary, viewed June 7, 2017). 
590 |a Electronic reproduction. Ann Arbor, MI : ProQuest, 2016. Available via World Wide Web. Access may be limited to ProQuest affiliated libraries. 
650 0 |a Portfolio management. 
650 0 |a Stocks. 
650 0 |a Investments. 
650 0 |a Finance, Personal. 
655 4 |a Electronic books. 
700 1 |a Lewis, Michael J.,  |e author. 
797 2 |a ProQuest (Firm) 
830 0 |a Bloomberg financial series. 
856 4 0 |u https://ebookcentral.proquest.com/lib/matrademy/detail.action?docID=4548098  |z Click to View